| 000 | 00522nam a22001697a 4500 | ||
|---|---|---|---|
| 005 | 20251108172911.0 | ||
| 008 | 250721s2004 xx 000 0 ara d | ||
| 082 | 1 | 4 | _a214/حكم |
| 100 | 1 | _aحكمى، حافظ بن أحمد | |
| 245 | 1 | 0 | _a200 سؤال و جواب في العقيدة الإسلامية / |
| 264 | 1 |
_aالقاهرة : _bدار الفجر للتراث، _c2004. |
|
| 300 | _a110 ص | ||
| 650 | 1 | 7 | _aالعقيدة الإسلامية |
| 650 | 1 | 7 | _aالإسلام |
| 942 |
_2ddc _cBK |
||
| 999 |
_c91299 _d91299 |
||